00864nam a2200217 a 450000100100000000500170001000800410002702000150006804000250008310000350010824000320014324501200017526000450029530000340034050000420037450000300041650400320044670000400047895201110051899900170062900002885720200930055200.0110412s1973 sp ac 000 0 spa d a8429900403 aDO-SdBNPbspacBNPHU1 aBogoliúbov, Alekséi95583810aAbryctnh abryctnhobnylRuso13aUn héroe español del progreso :bAgustin de Betancourt /cAleksél Bogoliúbov ; prólogo Julio Caro Baroja. aMadrid :bSeminarios y Ediciones,c1973. a188 p. :bil. rets. ;c19 cm. aIncluye notas al pie de las páginas aTraducido del idioma ruso aBibliografía : p. 185-1881 aCaro Baroja, Julio,epról.915231 001054708MOaGRbGRcCTd2011-04-12iLF1l0o p28857-10r2020-06-25w2020-06-25y4ZPréstamo en sala c28349d28349